General, organic, and biochemistry

Sparad:
Bibliografiska uppgifter
Huvudupphovsman: Denniston, K.J. (Katherine J.)
Materialtyp: Bok
Språk:Vietnamese
Publicerad: McGraw-Hill higher education 2004
Taggar: Lägg till en tagg
Inga taggar, Lägg till första taggen!
Thư viện lưu trữ: Mạng thư viện Đại học Đà Nẵng
LEADER 00687nam a2200253 4500
001 000021818
003 18266
005 20150423100456.0
008 150423s2004 viesd
020 |c 00 
041 0 |a vie 
082 1 4 |a 547  |b DE-K 
100 1 |a Denniston, K.J. (Katherine J.) 
245 1 0 |a General, organic, and biochemistry  |c Katherine J. Denniston, Joseph J. Topping, Robert L. Caret 
260 |b McGraw-Hill higher education  |c 2004 
300 |a tr.  |c cm. 
OWN |a LSP 
999 |a From the UDN01 
TYP |a Monograph 
TYP |a Printed language 
980 |a Mạng thư viện Đại học Đà Nẵng